| 000 | 00972nam a2200265 i 4500 | ||
|---|---|---|---|
| 001 | C00004936c | ||
| 005 | 20241029142557.0 | ||
| 008 | 940310s1990 sp c 0011 spa d | ||
| 020 | _a84-7506-320-9 | ||
| 080 | _a910.4"17":58 Löfling, Pehr | ||
| 245 | 0 | 0 |
_aPERH Löfling y la expedición al Orinoco, 1754-1761 _b: [exposicion] Pabellón Villanueva, Real Jardín Botánico, octubre-noviembre 1990. |
| 250 | _aEd. a cargo de Francisco Pelayo López. | ||
| 260 |
_aMadrid : _bEl Real Jardín : _b; Quinto Centenario, _cD.L. 1990. |
||
| 300 |
_a190 p. : _bil. col. ; _c30 cm. |
||
| 490 | 0 | _aEncuentros. Serie catálogos | |
| 500 | _aBibliografía. | ||
| 600 | 1 | 4 |
_aLöfling, Perh. _91156 |
| 650 | 4 |
_aExpediciones Cientificas- _yS. XVIII. _979312 |
|
| 700 | 1 |
_aPelayo Gómez, Francisco. _92895 |
|
| 710 | 2 |
_aReal Jardín Botánico. _917740 |
|
| 710 | 2 |
_aSociedad Estatal Quinto Centenario (Madrid) _96496 |
|
| 852 | _jE-2695 | ||
| 999 |
_c4863 _d4863 |
||